Carregant...

നാലാം ലോകം;ഒരു പുനർവായന (Naalam lokam;oru punarvayana)

സോഷ്യലിസത്തെ പുനരാവിഷ്കരിക്കേണ്ടിയിരിക്കുന്നു” ഇവ്വിധം ഒരു പുതിയ ഇടതു പരിപ്രേഷ്യത്തെ ഉയർത്തിപ്പിടിച്ചവരിൽ പ്രമുഖൻ യുഗോ ഷാവേസ് ആയിരുന്നു. എം. പി. പരമേശ്വരന്റെ നാലാം ലോക സിദ്ധാന്തവും പുതിയ ഇടതു പരിപ്രേഷ്യത്തെ ഉയർത്തിപ്പിടിക്കുന്നു. എവിടെ പോകണമെന്നറിയില്ലെങ്കിൽ ഒരു വഴിയും എവിടെയും എത്തിക്കുകയില്ലെന്നു...

Descripció completa

Dades bibliogràfiques
Autor principal: പരമേശ്വരൻ,എം.പി (Parameswaran,M.P)
Format: Printed Book
Publicat: തൃശൂർ ഗ്രീൻ ബുക്ക്സ് 2016
Matèries:
LEADER 01563nam a22001577a 4500
999 |c 58573  |d 58573 
020 |a 9789386120793 
082 |a M305.532  |b PAR/N 
100 |a പരമേശ്വരൻ,എം.പി (Parameswaran,M.P) 
245 |a നാലാം ലോകം;ഒരു പുനർവായന (Naalam lokam;oru punarvayana) 
260 |a തൃശൂർ   |b ഗ്രീൻ ബുക്ക്സ്  |c 2016 
300 |a 224p. 
520 |a സോഷ്യലിസത്തെ പുനരാവിഷ്കരിക്കേണ്ടിയിരിക്കുന്നു” ഇവ്വിധം ഒരു പുതിയ ഇടതു പരിപ്രേഷ്യത്തെ ഉയർത്തിപ്പിടിച്ചവരിൽ പ്രമുഖൻ യുഗോ ഷാവേസ് ആയിരുന്നു. എം. പി. പരമേശ്വരന്റെ നാലാം ലോക സിദ്ധാന്തവും പുതിയ ഇടതു പരിപ്രേഷ്യത്തെ ഉയർത്തിപ്പിടിക്കുന്നു. എവിടെ പോകണമെന്നറിയില്ലെങ്കിൽ ഒരു വഴിയും എവിടെയും എത്തിക്കുകയില്ലെന്നു സിദ്ധാന്തിക്കുന്നു. 
650 |a Marxism-socialism-communism  |a marxist theory  |a Fourth world theory  
942 |c BK 
952 |0 0  |1 0  |4 0  |6 M_305_532000000000000_PAR_N  |7 0  |9 65676  |a KUCL  |c M  |d 2020-03-09  |g 220.00  |l 0  |o M305.532 PAR/N  |p 50038  |r 2020-03-09  |w 2020-03-09  |y BK